000 01327nam a2200313 i 4500
005 20210818182209.0
008 131024s2012 sp a br 000 1dspa d
020 _a9788444142913
040 _aCOMFC
_bspa
_erda
041 0 _aspa
099 _aL. I. ADIA
245 0 0 _aAdivina, adivinanza
_cilustrado por María Fe Quesada
250 _aSegunda edición
264 0 1 _aLeón (España)
_bEverest
_c2012
300 _a43 páginas, [4] páginas sin numerar
_bilustraciones en color
_c21 cm
336 _2rdacontent
_atxt
337 _2rdamedia
_an
338 _2rdacarrier
_anc
500 _aIncluye datos biográficos de la ilustradora
520 3 _a"Es una compilación de adivinanzas, que tiene la particularidad de ilustrar las respuestas de cada acertijo, enlazando palabras con imágenes visuales, de manera que el lector pueda inferir. De este modo, este libro es ideal para ser contado a otros, convirtiéndose en una excelente herramienta para jugar, desarrollar la experiencia estética y la creatividad."
521 _aRecomendado para niños a partir de 5 años
700 1 _aQuesada, María Fe
_eill
090 _aL. I.
_bADIA
650 1 4 _aAdivinanzas
650 1 4 _aJuegos de palabras
650 1 4 _aJuegos educativos
650 1 4 _aDiversiones
942 _2ddc
_hL. I. ADIA
_kL. I.
_mADIA
999 _c14869
_d14869